Komparácia vývoja priamych zahraničných investícií na Slovensku a v transformujúcich sa ekonomikách

Bibliographic Details
Main Author: Hošková, Adela, 1937- (Author)
Format: Book
Language:Slovak
PhysicalDescription:60 s. sch. 21 cm
Published: Bratislava Inštitút menových a finančných štúdií NBS 2000
Edition:[1. vyd.]
Subjects:

MARC

LEADER 00000cam a2200000 a 4500
001 vtls001551099
003 SK-MaSNL
005 20260425222550.0
008 240314s2000 xo a f 00000 slo
020 |q (brož.) 
035 |a VTK29271 
040 |a SNK  |b slo  |c SNK  |e AACR2 
041 0 |a slo 
044 |a xo  |c SK 
072 7 |a 339.7/.9  |x Svetová ekonomika a medzinárodné financie  |2 konspekt 
080 |a 339.727.22  |2 2001 
080 |a 338  |2 2001 
080 |a (437.6)  |2 2001 
080 |a (4-191.2)  |2 2001 
080 |a (048.8)  |2 2001 
100 1 |a Hošková, Adela,  |d 1937-  |4 aut  |9 14116 
245 1 0 |a Komparácia vývoja priamych zahraničných investícií na Slovensku a v transformujúcich sa ekonomikách  |c Adela Hošková 
250 |a [1. vyd.] 
260 |a Bratislava  |b Inštitút menových a finančných štúdií NBS  |c 2000 
300 |a 60 s.  |b sch.  |c 21 cm 
650 0 7 |a priame zahraničné investície  |2 SNKPH  |9 70830 
650 0 7 |a ekonomická transformácia  |2 SNKPH  |9 4367 
650 0 7 |a Foreign direct investments  |2 SNKPHeng  |9 305818 
650 0 7 |a Economic transformation  |2 SNKPHeng  |9 305819 
651 7 |a Slovensko  |2 SNKPH  |9 14231 
651 7 |a Slovakia  |2 SNKPHeng  |9 92630 
651 7 |a Európa stredná  |2 SNKPH  |9 23970 
651 7 |a Europe, Central  |2 SNKPHeng  |9 98219 
655 7 |a štúdie  |2 SNKPH  |9 57033 
655 7 |a Studies  |2 SNKPHeng  |9 265573 
958 |a OND 
999 |c 561198  |d 563128 
952 |a SNK  |b SNK  |y PREZ  |7 0  |p 17A0509114  |o snkSC 125250  |i snk2006/21681  |8 1  |0 0  |1 0  |4 0  |d 2006-10-24  |l 0  |r 2025-06-09 00:00:00  |w 2026-02-23 
952 |a SNK  |b SNK  |y VYP  |7 0  |p 17A1090965  |o snkSC 125250 D1  |i snk2014/7978  |8 1  |0 0  |1 0  |4 0  |d 2014-03-27  |l 0  |r 2026-02-23 13:41:59  |w 2026-02-23